Statystyki dla gminy powiatu ostrowieckiego

Kliknij tutaj aby rozwiązać quiz!

Ogólne statystyki

  • Ten quiz został rozwiązany 55 razy
  • Średni wynik to 5 z 6

Odpowiedzi na mapie

Odpowiedzi skodowane kolorowo w zielono-czerwonej skali na mapie do tego quizu, zgodnie z poniższymi procentami.
 

Statystyki odpowiedzi

GminaOdpowiedź% Poprawnych
miejskaOstrowiec Świętokrzyski
93%
wiejskaBałtów
79%
miejsko-wiejskaKunów
79%
wiejskaBodzechów
75%
miejsko-wiejskaĆmielów
75%
miejska
Waśniów
71%

Rozkład punktacji

Percentyl według liczby udzielonych odpowiedzi

Procent ludzi z każdym wynikiem

Twoja historia wyników

Nie rozwiązałeś tego quizu